[Event "Olomoucke sachove leto Open senioru"]
[Site "Olomouc (CZE), Hotel Flora"]
[Date "2015.08.17"]
[Round "4.2"]
[White "Oral, Josef"]
[Black "Heppell, Ian"]
[Result "0-1"]
[WhiteElo "1826"]
[BlackElo "2092"]
[PlyCount "140"]
[EventDate "2015.08.15"]

1. e4 e5 2. Nf3 d6 3. d4 exd4 4. Nxd4 Nf6 5. Nc3 Be7 6. Be2 O-O 7. O-O Re8 8.
f4 Bf8 9. Bf3 c5 10. Nde2 Nc6 11. Kh1 Rb8 12. e5 dxe5 13. Bxc6 bxc6 14. fxe5
Qxd1 15. Nxd1 Ng4 16. b3 Nxe5 17. Bf4 Bg4 18. Nec3 Rbd8 19. Ne3 Bc8 20. Rae1 f6
21. Na4 Ba6 22. Rg1 Ng6 23. Bg3 Rd2 24. Nc3 Ne5 25. Nb1 Re2 26. Rxe2 Bxe2 27.
Re1 Bh5 28. h3 Bg6 29. Kg1 c4 30. Nxc4 Bc5+ 31. Kh1 Nxc4 32. Rxe8+ Bxe8 33.
bxc4 Bg6 34. Nd2 Bxc2 35. Nb3 Be3 36. Bd6 Kf7 37. Na5 Be4 38. c5 Ke6 39. Nb7 g6
40. Kh2 Kd5 41. g3 Bf5 42. Be7 Bc8 43. Nd6 Be6 44. Nb7 f5 45. Kg2 Bc8 46. Nd6
Ba6 47. Ne8 Ke6 48. Bd6 Bc4 49. Kf3 Bd4 50. a3 Kd7 51. Nc7 Bf6 52. Kf4 Bd8 53.
Na8 Ba6 54. Bb8 Bb7 55. Bxa7 Bxa8 56. g4 Ke6 57. gxf5+ gxf5 58. a4 Bb7 59. Bb8
Bf6 60. a5 Bd8 61. Bd6 Bxa5 62. h4 Bd2+ 63. Kf3 Ba6 64. h5 Bd3 65. Bf8 Be4+ 66.
Ke2 Bb4 67. Ke3 Kd5 68. Kf4 Bd2+ 69. Kg3 f4+ 70. Kf2 Be3+ 0-1

[Event "Olomoucke sachove leto Open senioru"]
[Site "Olomouc (CZE), Hotel Flora"]
[Date "2015.08.17"]
[Round "4.3"]
[White "Fiala, Jiri"]
[Black "Kasparek, Jiri"]
[Result "1-0"]
[WhiteElo "1922"]
[BlackElo "1833"]
[PlyCount "53"]
[EventDate "2015.08.15"]

1. d4 d5 2. Nf3 Nf6 3. Bf4 g6 4. e3 Bg7 5. h3 O-O 6. Nbd2 Nc6 7. Ne5 e6 8. Be2
Ne7 9. c3 Ne4 10. Nxe4 dxe4 11. Qc2 f6 12. Nc4 g5 13. Bh2 f5 14. Ne5 c6 15. g4
Nd5 16. gxf5 exf5 17. O-O-O Be6 18. Kb1 Kh8 19. Rdg1 Bf6 20. Bc4 Qe7 21. Qd1
Qg7 22. Bb3 Nc7 23. Bxe6 Nxe6 24. f4 exf3 25. Qxf3 Be7 26. Nd7 Bd6 27. Nxf8 1-0

[Event "Olomoucke sachove leto Open senioru"]
[Site "Olomouc (CZE), Hotel Flora"]
[Date "2015.08.17"]
[Round "4.4"]
[White "Young, Mel"]
[Black "Kearsley, Raymond"]
[Result "1-0"]
[WhiteElo "1893"]
[BlackElo "1730"]
[PlyCount "57"]
[EventDate "2015.08.15"]

1. a3 g6 2. f4 Bg7 3. Nf3 Nf6 4. e3 O-O 5. d4 d6 6. Bd3 Nbd7 7. O-O c5 8. c3 a6
9. a4 b6 10. f5 Bb7 11. fxg6 hxg6 12. Nbd2 e5 13. dxe5 Nxe5 14. Nxe5 dxe5 15.
Be2 e4 16. Qe1 Qc7 17. Qh4 Qe5 18. Nc4 Qe6 19. Na3 Nd7 20. Bg4 f5 21. Be2 Ne5
22. Bd2 Rad8 23. Rad1 Nd3 24. Bc1 Bc6 25. Rd2 Bxa4 26. Bxd3 Bf6 27. Qh6 exd3
28. Qxg6+ Kh8 29. Rf3 1-0

[Event "Olomoucke sachove leto Open senioru"]
[Site "Olomouc (CZE), Hotel Flora"]
[Date "2015.08.17"]
[Round "4.5"]
[White "Vasek, Rostislav"]
[Black "Vik, Joergen"]
[Result "0-1"]
[WhiteElo "1636"]
[BlackElo "1881"]
[PlyCount "42"]
[EventDate "2015.08.15"]

1. d4 d5 2. Nf3 Nf6 3. e3 Bg4 4. Nbd2 e6 5. h3 Bh5 6. c3 c6 7. Qb3 Qc7 8. g4
Bg6 9. Ne5 Bd6 10. f4 Bxe5 11. fxe5 Ne4 12. Rg1 Nd7 13. c4 b6 14. Nxe4 Bxe4 15.
Bd2 f6 16. Bc3 fxe5 17. O-O-O O-O 18. h4 exd4 19. Be1 Nc5 20. Qa3 Qh2 21. exd4
Qc2# 0-1